[Event "ABC 2025 Groep C"]
[Site "Utrecht"]
[Date "2025.03.15"]
[Round "2.10"]
[White "Haque, Nivaan"]
[Black "Tetova, Amir"]
[Result "0-1"]
[WhiteFideId "8936455"]
[BlackFideId "8836399"]
[WhiteElo "1749"]
[BlackElo "1813"]

1. c3 {[%clk 00:55:05]} {[%emt 00:00:14]} Nf6 {[%clk 00:55:07]} {[%emt
00:00:13]} 2. d4 {[%clk 00:55:03]} {[%emt 00:00:13]} g6 {[%clk 00:55:09]}
{[%emt 00:00:08]} 3. Bf4 {[%clk 00:54:39]} {[%emt 00:00:33]} Bg7 {[%clk
00:55:13]} {[%emt 00:00:06]} 4. e3 {[%clk 00:54:41]} {[%emt 00:00:11]} d6
{[%clk 00:55:18]} {[%emt 00:00:03]} 5. h3 {[%clk 00:54:43]} {[%emt 00:00:08]}
O-O {[%clk 00:55:22]} {[%emt 00:00:06]} 6. Bd3 {[%clk 00:54:49]} {[%emt
00:00:04]} Nbd7 {[%clk 00:55:25]} {[%emt 00:00:08]} 7. Bh2 {[%clk 00:53:56]}
{[%emt 00:01:00]} Re8 {[%clk 00:54:57]} {[%emt 00:00:40]} 8. Ne2 {[%clk
00:53:15]} {[%emt 00:00:50]} e5 {[%clk 00:53:05]} {[%emt 00:02:02]} 9. O-O
{[%clk 00:52:52]} {[%emt 00:00:32]} Nh5 {[%clk 00:49:54]} {[%emt 00:03:21]} 10.
Ng3 {[%clk 00:51:05]} {[%emt 00:01:58]} Nhf6 {[%clk 00:42:25]} {[%emt
00:07:40]} 11. Ne2 {[%clk 00:51:04]} {[%emt 00:00:10]} h5 {[%clk 00:39:41]}
{[%emt 00:02:54]} 12. Qc2 {[%clk 00:48:59]} {[%emt 00:02:15]} Nh7 {[%clk
00:37:58]} {[%emt 00:01:54]} 13. dxe5 {[%clk 00:48:35]} {[%emt 00:00:34]} Nxe5
{[%clk 00:37:32]} {[%emt 00:00:35]} 14. Bxe5 {[%clk 00:46:56]} {[%emt
00:01:49]} Rxe5 {[%clk 00:36:01]} {[%emt 00:01:41]} 15. Bc4 {[%clk 00:46:03]}
{[%emt 00:01:03]} d5 {[%clk 00:33:35]} {[%emt 00:02:37]} 16. Rd1 {[%clk
00:45:38]} {[%emt 00:00:34]} c6 {[%clk 00:30:27]} {[%emt 00:03:18]} 17. e4
{[%clk 00:45:11]} {[%emt 00:00:38]} Qe7 {[%clk 00:29:40]} {[%emt 00:00:57]} 18.
exd5 {[%clk 00:43:28]} {[%emt 00:01:52]} Bf5 {[%clk 00:27:32]} {[%emt
00:02:18]} 19. Qd2 {[%clk 00:41:09]} {[%emt 00:02:29]} cxd5 {[%clk 00:27:01]}
{[%emt 00:00:41]} 20. f4 {[%clk 00:37:55]} {[%emt 00:03:24]} Bh6 {[%clk
00:23:13]} {[%emt 00:03:59]} 21. Qd4 {[%clk 00:36:54]} {[%emt 00:01:11]} Rxe2
{[%clk 00:22:28]} {[%emt 00:00:54]} 22. Bxe2 {[%clk 00:36:19]} {[%emt
00:00:45]} Qxe2 {[%clk 00:22:36]} {[%emt 00:00:02]} 23. Nd2 {[%clk 00:33:38]}
{[%emt 00:02:50]} Qd3 {[%clk 00:20:29]} {[%emt 00:02:18]} 24. Nf1 {[%clk
00:32:50]} {[%emt 00:00:59]} Qxd4+ {[%clk 00:20:09]} {[%emt 00:00:30]} 25. Rxd4
{[%clk 00:32:53]} {[%emt 00:00:07]} Be4 {[%clk 00:17:58]} {[%emt 00:02:20]} 26.
c4 {[%clk 00:32:17]} {[%emt 00:00:47]} Bg7 {[%clk 00:17:50]} {[%emt 00:00:17]}
27. Rd2 {[%clk 00:31:35]} {[%emt 00:00:51]} dxc4 {[%clk 00:17:55]} {[%emt
00:00:06]} 28. Re1 {[%clk 00:30:56]} {[%emt 00:00:47]} Bc6 {[%clk 00:17:20]}
{[%emt 00:00:48]} 29. Rc1 {[%clk 00:29:07]} {[%emt 00:01:58]} Bb5 {[%clk
00:15:37]} {[%emt 00:01:54]} 30. Ne3 {[%clk 00:28:09]} {[%emt 00:01:06]} Nf6
{[%clk 00:12:10]} {[%emt 00:03:38]} 31. Nxc4 {[%clk 00:27:26]} {[%emt
00:00:53]} Rc8 {[%clk 00:10:51]} {[%emt 00:01:30]} 32. Rdc2 {[%clk 00:27:02]}
{[%emt 00:00:34]} Ne4 {[%clk 00:09:46]} {[%emt 00:01:14]} 33. Na5 {[%clk
00:25:47]} {[%emt 00:01:25]} Bd4+ {[%clk 00:08:53]} {[%emt 00:01:04]} 34. Kh2
{[%clk 00:24:50]} {[%emt 00:01:06]} Rxc2 {[%clk 00:08:48]} {[%emt 00:00:15]} 35.
Rxc2 {[%clk 00:24:51]} {[%emt 00:00:09]} b6 {[%clk 00:08:50]} {[%emt 00:00:09]}
36. Nb3 {[%clk 00:24:45]} {[%emt 00:00:16]} Be3 {[%clk 00:07:39]} {[%emt
00:01:21]} 37. g3 {[%clk 00:23:06]} {[%emt 00:01:48]} Bf2 {[%clk 00:07:20]}
{[%emt 00:00:29]} 38. g4 {[%clk 00:22:47]} {[%emt 00:00:30]} Bd3 {[%clk
00:05:19]} {[%emt 00:02:11]} 39. Rc8+ {[%clk 00:21:29]} {[%emt 00:01:28]} Kg7
{[%clk 00:05:28]} {[%emt 00:00:01]} 40. f5 {[%clk 00:20:49]} {[%emt 00:00:49]}
Bg3+ {[%clk 00:03:34]} {[%emt 00:02:05]} 41. Kg2 {[%clk 00:20:34]} {[%emt
00:00:24]} h4 {[%clk 00:03:40]} {[%emt 00:00:05]} 42. fxg6 {[%clk 00:19:31]}
{[%emt 00:01:12]} fxg6 {[%clk 00:03:44]} {[%emt 00:00:07]} 43. Ra8 {[%clk
00:18:57]} {[%emt 00:00:44]} a5 {[%clk 00:03:32]} {[%emt 00:00:22]} 44. Ra7+
{[%clk 00:18:33]} {[%emt 00:00:34]} Kf6 {[%clk 00:03:30]} {[%emt 00:00:12]} 45.
Rb7 {[%clk 00:18:14]} {[%emt 00:00:29]} Bf2 {[%clk 00:02:44]} {[%emt 00:00:56]}
46. Nd2 {[%clk 00:17:29]} {[%emt 00:00:55]} Be3 {[%clk 00:02:15]} {[%emt
00:00:39]} 47. Nf3 {[%clk 00:17:20]} {[%emt 00:00:19]} Ng5 {[%clk 00:01:58]}
{[%emt 00:00:27]} 48. Nxh4 {[%clk 00:17:08]} {[%emt 00:00:21]} Be4+ {[%clk
00:02:05]} {[%emt 00:00:04]} 0-1

[Event "ABC 2025 Groep C"]
[Site "Utrecht"]
[Date "2025.03.15"]
[Round "2.11"]
[White "Uitermark, Imre"]
[Black "De Wit, Jim"]
[Result "1-0"]
[WhiteFideId "8861336"]
[BlackFideId "8935938"]
[WhiteElo "1810"]
[BlackElo "1708"]

1. c4 {[%clk 00:54:46]} {[%emt 00:00:22]} Nf6 {[%clk 00:54:33]} {[%emt
00:00:47]} 2. g3 {[%clk 00:54:50]} {[%emt 00:00:06]} d5 {[%clk 00:54:22]}
{[%emt 00:00:21]} 3. cxd5 {[%clk 00:54:09]} {[%emt 00:00:51]} Nxd5 {[%clk
00:53:35]} {[%emt 00:00:56]} 4. Bg2 {[%clk 00:54:05]} {[%emt 00:00:14]} Nc6
{[%clk 00:53:11]} {[%emt 00:00:34]} 5. Nc3 {[%clk 00:53:46]} {[%emt 00:00:28]}
Be6 {[%clk 00:52:27]} {[%emt 00:00:54]} 6. Nf3 {[%clk 00:53:35]} {[%emt
00:00:22]} h6 {[%clk 00:51:11]} {[%emt 00:01:28]} 7. O-O {[%clk 00:53:08]}
{[%emt 00:00:36]} Qd7 {[%clk 00:51:10]} {[%emt 00:00:10]} 8. d4 {[%clk
00:51:11]} {[%emt 00:02:07]} Nxc3 {[%clk 00:49:09]} {[%emt 00:02:11]} 9. bxc3
{[%clk 00:51:18]} {[%emt 00:00:05]} O-O-O {[%clk 00:49:12]} {[%emt 00:00:07]}
10. e4 {[%clk 00:47:06]} {[%emt 00:04:19]} Bc4 {[%clk 00:48:49]} {[%emt
00:00:33]} 11. Re1 {[%clk 00:46:53]} {[%emt 00:00:23]} e6 {[%clk 00:48:31]}
{[%emt 00:00:28]} 12. Be3 {[%clk 00:45:58]} {[%emt 00:01:05]} Ba3 {[%clk
00:47:00]} {[%emt 00:01:42]} 13. Qa4 {[%clk 00:42:49]} {[%emt 00:03:19]} Bb2
{[%clk 00:47:08]} {[%emt 00:00:02]} 14. Qxc4 {[%clk 00:39:51]} {[%emt
00:03:08]} Bxa1 {[%clk 00:46:51]} {[%emt 00:00:27]} 15. Rxa1 {[%clk 00:40:00]}
Na5 {[%clk 00:44:41]} {[%emt 00:02:10]} 16. Qd3 {[%clk 00:37:43]} {[%emt
00:02:23]} f6 {[%clk 00:40:51]} {[%emt 00:04:13]} 17. Bh3 {[%clk 00:36:33]}
{[%emt 00:01:20]} Rhe8 {[%clk 00:40:12]} {[%emt 00:00:49]} 18. d5 {[%clk
00:27:40]} {[%emt 00:09:04]} Kb8 {[%clk 00:39:09]} {[%emt 00:01:11]} 19. Qd4
{[%clk 00:24:46]} {[%emt 00:03:06]} b6 {[%clk 00:38:58]} {[%emt 00:00:22]} 20.
Bxe6 {[%clk 00:23:58]} {[%emt 00:00:58]} Qb5 {[%clk 00:38:24]} {[%emt
00:00:43]} 21. Qb4 {[%clk 00:20:21]} {[%emt 00:03:46]} Qd3 {[%clk 00:34:43]}
{[%emt 00:03:51]} 22. Nd4 {[%clk 00:18:15]} {[%emt 00:02:16]} Ka8 {[%clk
00:33:59]} {[%emt 00:00:55]} 23. Qb5 {[%clk 00:08:37]} {[%emt 00:09:49]} Qxe4
{[%clk 00:30:24]} {[%emt 00:03:44]} 24. Qa6 {[%clk 00:07:16]} {[%emt 00:01:31]}
Rb8 {[%clk 00:29:23]} {[%emt 00:01:10]} 25. Nb5 {[%clk 00:03:51]} {[%emt
00:03:34]} Rb7 {[%clk 00:28:23]} {[%emt 00:01:11]} 26. Bf4 {[%clk 00:03:40]}
{[%emt 00:00:22]} Qc4 {[%clk 00:27:54]} {[%emt 00:00:26]} 27. Rd1 {[%clk
00:01:45]} {[%emt 00:02:17]} Kb8 {[%clk 00:25:11]} {[%emt 00:02:54]} 28. Rd4
{[%clk 00:01:27]} {[%emt 00:00:27]} Qc5 {[%clk 00:22:28]} {[%emt 00:02:53]} 29.
d6 {[%clk 00:01:12]} {[%emt 00:00:26]} 1-0

[Event "ABC 2025 Groep C"]
[Site "Utrecht"]
[Date "2025.03.15"]
[Round "2.12"]
[White "Nguyen, Paul"]
[Black "Blok, Lukas"]
[Result "1/2-1/2"]
[WhiteFideId "8956321"]
[BlackFideId "9040284"]
[WhiteElo "1732"]
[BlackElo "1808"]

1. e4 {[%clk 00:55:18]} {[%emt 00:00:02]} d6 {[%clk 00:55:00]} {[%emt
00:00:20]} 2. d4 {[%clk 00:55:23]} {[%emt 00:00:05]} Nf6 {[%clk 00:54:53]}
{[%emt 00:00:16]} 3. Nc3 {[%clk 00:55:27]} {[%emt 00:00:07]} g6 {[%clk
00:54:48]} {[%emt 00:00:15]} 4. Bc4 {[%clk 00:53:49]} {[%emt 00:01:48]} Bg7
{[%clk 00:52:54]} {[%emt 00:02:04]} 5. h3 {[%clk 00:53:51]} {[%emt 00:00:10]}
O-O {[%clk 00:52:48]} {[%emt 00:00:14]} 6. Nf3 {[%clk 00:53:55]} {[%emt
00:00:07]} c5 {[%clk 00:51:01]} {[%emt 00:01:56]} 7. d5 {[%clk 00:53:37]}
{[%emt 00:00:28]} a6 {[%clk 00:50:56]} {[%emt 00:00:14]} 8. a4 {[%clk
00:53:41]} {[%emt 00:00:06]} e6 {[%emt 00:01:51]} 9. O-O {[%emt 00:00:42]} exd5
{[%clk 00:46:26]} {[%emt 00:00:13]} 10. exd5 {[%clk 00:53:16]} Re8 {[%clk
00:39:31]} 11. Bg5 {[%clk 00:53:10]} Nbd7 {[%clk 00:37:58]} 12. Qd2 {[%clk
00:53:10]} Qc7 {[%clk 00:27:18]} 13. Rfe1 {[%clk 00:49:14]} Nb6 14. Bxf6 {[%clk
00:49:19]} {[%emt 00:27:26]} Rxe1+ {[%clk 00:27:25]} 15. Rxe1 {[%clk 00:49:00]}
Bxf6 16. Qf4 {[%clk 00:49:00]} {[%emt 00:14:33]} Bxc3 17. bxc3 {[%emt
00:02:11]} Nxc4 {[%clk 00:11:45]} {[%emt 00:00:05]} 18. Qxc4 {[%emt 00:00:13]}
Bd7 {[%clk 00:11:38]} {[%emt 00:00:10]} 19. Qh4 {[%emt 00:02:05]} Qd8 {[%clk
00:10:15]} {[%emt 00:00:06]} 20. Ng5 {[%emt 00:01:25]} h5 {[%clk 00:09:08]}
{[%emt 00:00:16]} 21. Qf4 {[%emt 00:01:24]} Be8 {[%clk 00:07:38]} {[%emt
00:00:23]} 22. Re3 {[%emt 00:01:55]} b5 {[%clk 00:06:20]} {[%emt 00:00:19]}
1/2-1/2

[Event "ABC 2025 Groep C"]
[Site "Utrecht"]
[Date "2025.03.15"]
[Round "3.1"]
[White "Lenting, Roan"]
[Black "Tetova, Amir"]
[Result "1-0"]
[WhiteFideId "8885184"]
[BlackFideId "8836399"]
[WhiteElo "1983"]
[BlackElo "1813"]

1. e4 {[%clk 00:55:19]} {[%emt 00:34:43]} e5 {[%clk 00:55:13]} {[%emt
00:00:07]} 2. Nf3 {[%clk 00:55:25]} {[%emt 00:00:03]} Nf6 {[%clk 00:55:17]}
{[%emt 00:00:05]} 3. Nc3 {[%clk 00:55:29]} {[%emt 00:00:06]} Nc6 {[%clk
00:55:21]} {[%emt 00:00:07]} 4. Bb5 {[%clk 00:55:36]} {[%emt 00:00:02]} d6
{[%clk 00:54:10]} {[%emt 00:01:20]} 5. d4 {[%clk 00:55:40]} {[%emt 00:00:07]}
exd4 {[%clk 00:53:34]} {[%emt 00:00:47]} 6. Nxd4 {[%clk 00:55:00]} {[%emt
00:00:51]} Bd7 {[%clk 00:53:39]} {[%emt 00:00:03]} 7. O-O {[%clk 00:54:08]}
{[%emt 00:01:02]} Be7 {[%clk 00:53:29]} {[%emt 00:00:21]} 8. Be3 {[%clk
00:53:41]} {[%emt 00:00:36]} O-O {[%clk 00:53:00]} {[%emt 00:00:39]} 9. Bxc6
{[%clk 00:53:08]} {[%emt 00:00:43]} bxc6 {[%clk 00:52:42]} {[%emt 00:00:28]} 10.
h3 {[%clk 00:52:04]} {[%emt 00:01:13]} c5 {[%clk 00:52:28]} {[%emt 00:00:26]}
11. Nde2 {[%clk 00:51:33]} {[%emt 00:00:39]} Bc6 {[%clk 00:50:56]} {[%emt
00:01:43]} 12. Ng3 {[%clk 00:50:06]} {[%emt 00:01:37]} Nd7 {[%clk 00:48:54]}
{[%emt 00:02:11]} 13. Nd5 {[%clk 00:41:00]} {[%emt 00:09:17]} Bf6 {[%clk
00:44:55]} {[%emt 00:04:10]} 14. c3 {[%clk 00:40:08]} {[%emt 00:01:02]} Rb8
{[%clk 00:43:47]} {[%emt 00:01:18]} 15. Rb1 {[%clk 00:39:38]} {[%emt 00:00:39]}
Re8 {[%clk 00:42:34]} {[%emt 00:01:24]} 16. Re1 {[%clk 00:33:16]} {[%emt
00:06:31]} Bh4 {[%clk 00:37:03]} {[%emt 00:05:42]} 17. Bf4 {[%clk 00:28:35]}
{[%emt 00:04:50]} Ne5 {[%clk 00:35:50]} {[%emt 00:01:23]} 18. Nf5 {[%clk
00:26:46]} {[%emt 00:01:59]} Bxd5 {[%clk 00:33:34]} {[%emt 00:02:26]} 19. Qxd5
{[%clk 00:25:56]} {[%emt 00:00:59]} Bg5 {[%clk 00:33:32]} {[%emt 00:00:13]} 20.
Bg3 {[%clk 00:24:42]} {[%emt 00:01:24]} g6 {[%clk 00:29:15]} {[%emt 00:04:28]}
21. Ne3 {[%clk 00:22:24]} {[%emt 00:02:28]} Bxe3 {[%clk 00:27:44]} {[%emt
00:01:41]} 22. Rxe3 {[%clk 00:22:10]} {[%emt 00:00:22]} c6 {[%clk 00:27:41]}
{[%emt 00:00:14]} 23. Qd1 {[%clk 00:22:12]} {[%emt 00:00:09]} Nc4 {[%clk
00:27:39]} {[%emt 00:00:12]} 24. Re2 {[%clk 00:21:55]} {[%emt 00:00:26]} Rb6
{[%clk 00:26:55]} {[%emt 00:00:55]} 25. b3 {[%clk 00:21:29]} {[%emt 00:00:35]}
Na3 {[%clk 00:24:43]} {[%emt 00:02:22]} 26. Rc1 {[%clk 00:21:29]} {[%emt
00:00:09]} d5 {[%clk 00:23:11]} {[%emt 00:01:43]} 27. c4 {[%clk 00:16:09]}
{[%emt 00:05:31]} Qg5 {[%clk 00:11:53]} {[%emt 00:11:28]} 28. cxd5 {[%clk
00:14:38]} {[%emt 00:01:40]} cxd5 {[%clk 00:10:52]} {[%emt 00:01:11]} 29. Rxc5
{[%clk 00:14:05]} {[%emt 00:00:43]} Qe7 {[%clk 00:04:49]} {[%emt 00:06:13]} 30.
Rxd5 {[%clk 00:12:19]} {[%emt 00:01:56]} Nb5 {[%clk 00:04:41]} {[%emt
00:00:18]} 31. Qd3 {[%clk 00:12:03]} {[%emt 00:00:26]} a6 {[%clk 00:03:17]}
{[%emt 00:01:34]} 32. a4 {[%clk 00:11:54]} {[%emt 00:00:19]} Na3 {[%clk
00:02:34]} {[%emt 00:00:53]} 33. Bd6 {[%clk 00:11:46]} {[%emt 00:00:18]} 1-0

[Event "ABC 2025 Groep C"]
[Site "Utrecht"]
[Date "2025.03.15"]
[Round "3.2"]
[White "Bajnath, Dhanesh"]
[Black "Etienne, Ghilon"]
[Result "0-1"]
[WhiteFideId "9005634"]
[BlackFideId "8852118"]
[WhiteElo "1792"]
[BlackElo "1972"]

1. e4 {[%emt 00:34:26]} e5 {[%emt 00:00:21]} 2. Nf3 {[%emt 00:00:03]} Nc6
{[%emt 00:00:04]} 3. d4 {[%emt 00:00:03]} exd4 {[%emt 00:00:05]} 4. Nxd4 {[%emt
00:00:02]} Bc5 {[%emt 00:00:10]} 5. Nb3 {[%emt 00:00:05]} Bb6 {[%emt 00:00:04]}
6. Qe2 {[%emt 00:00:10]} Nge7 {[%emt 00:00:11]} 7. Be3 {[%emt 00:00:32]} O-O
{[%emt 00:00:07]} 8. Nc3 {[%emt 00:00:07]} d6 {[%emt 00:02:06]} 9. O-O-O {[%emt
00:00:20]} Be6 {[%emt 00:00:05]} 10. Kb1 {[%emt 00:02:34]} Qc8 {[%emt
00:01:45]} 11. h3 {[%emt 00:02:19]} f5 {[%emt 00:01:14]} 12. g3 {[%emt
00:08:27]} fxe4 {[%emt 00:01:32]} 13. Nxe4 {[%emt 00:00:37]} Nd5 {[%emt
00:00:44]} 14. Bxb6 {[%emt 00:05:08]} Nxb6 {[%emt 00:00:07]} 15. Bg2 {[%emt
00:03:42]} Re8 {[%emt 00:03:34]} 16. Qh5 {[%emt 00:06:54]} Bf7 {[%emt
00:00:07]} 17. Qg5 {[%emt 00:01:40]} Re5 {[%emt 00:00:32]} 18. Qd2 {[%emt
00:02:40]} Nc4 {[%emt 00:01:06]} 19. Qc1 {[%emt 00:02:22]} Qf5 {[%emt
00:00:17]} 20. g4 {[%emt 00:01:27]} Qe6 {[%emt 00:01:10]} 21. Ng5 {[%emt
00:01:05]} Qf6 {[%emt 00:00:24]} 22. Nxf7 {[%emt 00:01:07]} Kxf7 {[%emt
00:01:49]} 23. Bd5+ {[%emt 00:00:52]} Rxd5 {[%emt 00:00:08]} 24. Rxd5 {[%emt
00:00:33]} Kg8 {[%emt 00:00:32]} 25. Rf5 {[%emt 00:02:34]} Qe7 {[%emt
00:04:38]} 26. Qe1 {[%emt 00:03:22]} N6e5 {[%emt 00:00:18]} 27. Qe2 {[%emt
00:02:45]} b5 {[%emt 00:01:24]} 28. f4 {[%emt 00:02:11]} g6 {[%emt 00:01:03]}
29. Qe4 {[%emt 00:02:30]} c6 {[%emt 00:01:30]} 30. Rg5 {[%emt 00:01:46]} Qf6
{[%emt 00:14:53]} 31. fxe5 {[%emt 00:01:20]} Qxg5 {[%emt 00:00:04]} 32. Qxc6
{[%emt 00:00:15]} Rb8 {[%emt 00:01:01]} 33. exd6 {[%emt 00:00:55]} Qe5 {[%emt
00:00:16]} 34. c3 {[%emt 00:00:22]} Nxd6 {[%emt 00:00:32]} 35. Rd1 {[%emt
00:00:09]} Rb6 {[%emt 00:01:01]} 36. Qd5+ {[%emt 00:00:10]} Qxd5 {[%emt
00:00:08]} 37. Rxd5 Kf7 {[%emt 00:00:08]} 38. Kc2 {[%emt 00:00:14]} Ke6 {[%emt
00:00:24]} 39. Rd1 {[%emt 00:00:15]} Nc4 {[%emt 00:00:07]} 40. Nd4+ {[%emt
00:00:10]} Kf6 {[%emt 00:02:06]} 41. Rf1+ Kg7 {[%emt 00:00:24]} 42. Re1 {[%emt
00:00:05]} Kf7 {[%emt 00:00:19]} 43. Rf1+ {[%emt 00:00:12]} Ke7 {[%emt
00:01:19]} 44. Re1+ {[%emt 00:00:11]} Kd7 {[%emt 00:00:04]} 45. Kb3 {[%emt
00:00:12]} a6 {[%emt 00:00:33]} 46. Rd1 {[%emt 00:00:10]} Rd6 {[%emt 00:00:36]}
47. Re1 {[%emt 00:00:12]} Rf6 {[%emt 00:00:19]} 48. Rd1 {[%emt 00:00:12]} Kc7
{[%emt 00:00:29]} 49. Rd3 {[%emt 00:00:11]} Rf2 {[%emt 00:00:31]} 50. Nc2
{[%emt 00:00:09]} Na5+ {[%emt 00:00:58]} 51. Kb4 {[%emt 00:00:08]} Kb6 {[%emt
00:00:32]} 52. Rd6+ {[%emt 00:00:11]} Nc6+ {[%emt 00:00:09]} 53. Kb3 {[%emt
00:00:05]} Kc5 {[%emt 00:00:21]} 54. Rxc6+ {[%emt 00:00:14]} Kxc6 {[%emt
00:00:11]} 55. Nb4+ {[%emt 00:00:10]} Kb7 {[%emt 00:00:48]} 56. h4 {[%emt
00:00:11]} Rf4 {[%emt 00:00:15]} 57. Nd3 {[%emt 00:00:11]} Rxg4 {[%emt
00:00:07]} 58. Nc5+ {[%emt 00:00:08]} Kb6 {[%emt 00:00:11]} 59. Nd7+ {[%emt
00:00:08]} Ka7 {[%emt 00:00:06]} 60. Nf6 {[%emt 00:00:18]} Rxh4 {[%emt
00:00:05]} 61. Kc2 {[%emt 00:00:09]} h5 {[%emt 00:00:15]} 62. a3 {[%emt
00:00:10]} Rf4 {[%emt 00:00:07]} 63. Nd5 {[%emt 00:00:13]} Rf3 {[%emt
00:00:19]} 64. Ne7 {[%emt 00:00:11]} g5 {[%emt 00:00:10]} 65. Nc6+ {[%emt
00:00:08]} Kb6 {[%emt 00:00:05]} 66. Ne5 {[%emt 00:00:07]} Rf4 {[%emt
00:00:10]} 67. Kd3 {[%emt 00:00:14]} h4 {[%emt 00:00:09]} 68. Ke3 {[%emt
00:00:13]} h3 {[%emt 00:00:23]} 69. Nf3 {[%emt 00:00:08]} Rxf3+ {[%emt
00:00:36]} 70. Kxf3 {[%emt 00:00:01]} g4+ {[%emt 00:00:08]} 71. Kf2 {[%emt
00:00:12]} Kc5 {[%emt 00:00:08]} 72. b3 {[%emt 00:00:09]} a5 {[%emt 00:00:07]}
73. b4+ {[%emt 00:00:24]} axb4 {[%emt 00:00:20]} 74. cxb4+ {[%emt 00:00:09]}
Kc4 {[%emt 00:00:04]} 0-1

[Event "ABC 2025 Groep C"]
[Site "Utrecht"]
[Date "2025.03.15"]
[Round "3.3"]
[White "Zhang, Xiheng"]
[Black "Uitermark, Imre"]
[Result "1-0"]
[WhiteFideId "8939645"]
[BlackFideId "8861336"]
[WhiteElo "1928"]
[BlackElo "1810"]

1. e4 {[%clk 00:55:18]} {[%emt 00:00:03]} c6 {[%clk 00:55:05]} {[%emt
00:00:14]} 2. d4 {[%clk 00:55:24]} {[%emt 00:00:05]} d5 {[%clk 00:55:11]}
{[%emt 00:00:04]} 3. exd5 {[%clk 00:55:22]} {[%emt 00:00:14]} cxd5 {[%clk
00:55:16]} {[%emt 00:00:03]} 4. c4 {[%clk 00:55:28]} {[%emt 00:00:04]} Nc6
{[%clk 00:54:59]} {[%emt 00:00:29]} 5. Nf3 {[%clk 00:55:27]} {[%emt 00:00:09]}
Nf6 {[%clk 00:54:36]} {[%emt 00:00:34]} 6. Nc3 {[%clk 00:55:32]} {[%emt
00:00:04]} Bg4 {[%clk 00:54:08]} {[%emt 00:00:40]} 7. cxd5 {[%clk 00:55:32]}
{[%emt 00:00:09]} Nxd5 {[%clk 00:53:23]} {[%emt 00:00:55]} 8. Qb3 {[%clk
00:55:36]} {[%emt 00:00:07]} Bxf3 {[%clk 00:44:30]} {[%emt 00:09:01]} 9. gxf3
{[%clk 00:55:40]} {[%emt 00:00:05]} Nxc3 {[%clk 00:39:17]} {[%emt 00:05:23]} 10.
bxc3 {[%clk 00:55:28]} {[%emt 00:00:22]} Qb6 {[%clk 00:36:08]} {[%emt
00:03:15]} 11. Qxb6 {[%clk 00:51:43]} {[%emt 00:04:01]} axb6 {[%clk 00:36:13]}
{[%emt 00:00:04]} 12. Bc4 {[%clk 00:50:10]} {[%emt 00:01:43]} Rc8 {[%clk
00:32:02]} {[%emt 00:04:21]} 13. Bd3 {[%clk 00:47:41]} {[%emt 00:02:39]} e6
{[%clk 00:31:20]} {[%emt 00:00:53]} 14. Rb1 {[%clk 00:46:30]} {[%emt 00:01:20]}
Be7 {[%clk 00:30:05]} {[%emt 00:01:25]} 15. Rxb6 {[%clk 00:45:10]} {[%emt
00:01:30]} Nxd4 {[%clk 00:29:28]} {[%emt 00:00:47]} 16. Bb2 {[%clk 00:40:50]}
{[%emt 00:04:31]} Nxf3+ {[%clk 00:27:56]} {[%emt 00:01:42]} 17. Ke2 {[%clk
00:40:37]} {[%emt 00:00:23]} Ne5 {[%clk 00:27:14]} {[%emt 00:00:51]} 18. Bb5+
{[%clk 00:40:21]} {[%emt 00:00:26]} Kf8 {[%clk 00:26:34]} {[%emt 00:00:50]} 19.
Rxb7 {[%clk 00:39:33]} {[%emt 00:00:58]} g6 {[%clk 00:23:06]} {[%emt 00:03:39]}
20. Rd1 {[%clk 00:33:08]} {[%emt 00:06:35]} Bf6 {[%clk 00:19:49]} {[%emt
00:03:27]} 21. Rd6 {[%clk 00:26:02]} {[%emt 00:07:16]} Be7 {[%clk 00:13:35]}
{[%emt 00:06:23]} 22. Ra6 {[%clk 00:23:46]} {[%emt 00:02:26]} Rg8 {[%clk
00:09:03]} {[%emt 00:04:43]} 23. Ra4 {[%clk 00:15:48]} {[%emt 00:08:08]} Bd6
{[%clk 00:04:45]} {[%emt 00:04:28]} 24. Rd4 {[%clk 00:12:41]} {[%emt 00:03:16]}
Bc5 {[%clk 00:03:48]} {[%emt 00:01:08]} 25. Re4 {[%clk 00:12:02]} {[%emt
00:00:48]} Bd6 {[%clk 00:02:51]} {[%emt 00:01:08]} 26. c4 {[%clk 00:11:35]}
{[%emt 00:00:35]} f6 {[%clk 00:02:17]} {[%emt 00:00:45]} 27. f4 {[%clk
00:11:02]} {[%emt 00:00:43]} Ng4 {[%clk 00:00:45]} {[%emt 00:01:42]} 28. Rxe6
{[%clk 00:10:49]} {[%emt 00:00:23]} Bc5 {[%clk 00:00:18]} {[%emt 00:00:37]} 29.
h3 {[%clk 00:10:02]} {[%emt 00:00:57]} Nh6 {[%clk 00:00:13]} {[%emt 00:00:16]}
30. Rxf6+ {[%clk 00:10:06]} {[%emt 00:00:06]} 1-0